The Law of Delict / (Record no. 1296)

MARC details
000 -LEADER
fixed length control field 00528nam a22001817a 4500
005 - DATE AND TIME OF INPUT
control field 20240130095822.0
008 - DATA ELEMENTS--GENERAL INFORMATION
fixed length control field 240130b |||||||| |||| 00| 0 eng d
020 ## - INTERNATIONAL STANDARD BOOK NUMBER
International Standard Book Number 070211426 X
041 ## - LANGUAGE CODE
Language code of text English
082 ## - SHELF NUMBER
DDC number 346.3 BOB
100 ## - MAIN AUTHOR
Main author's name Boberg, PQR
Language of a work English
245 ## - TITLE STATEMENT
Title The Law of Delict /
Statement of responsibility, etc. PQR Boberg
250 ## - EDITION STATEMENT
Edition statement First Edition
260 ## - PUBLICATION, DISTRIBUTION, ETC.
Place of publication, distribution, etc. Cape Town :
Name of publisher, distributor, etc. Juta and Company Ltd,
Date of publication, distribution, etc. 1984
300 ## - PHYSICAL DESCRIPTION
Other physical details lvi, 902 pages ;
Dimensions 26 cm.
650 ## - SUBJECT`
Broad subject Legal practice
Own subject terms Law
942 ## - ADDED ENTRY ELEMENTS (KOHA)
Item type Books
942 ## - ADDED ENTRY ELEMENTS (KOHA)
-- ALISON_BN_VRIES
Holdings
Source of classification or shelving scheme Volume number (bound volume or other part) Not for loan Collection code Home library Current library Shelving location Date acquired Full call number Barcode Price effective from Koha item type
Dewey Decimal Classification Volume 1   TEXT BOOKS LAW SOCIETY OF NAMIBIA LIBRARY - WINDHOEK LAW SOCIETY OF NAMIBIA LIBRARY - WINDHOEK Delict Law 01/30/2024 346.3 BOB LSN/1988/108 01/30/2024 Books